=LDR 00000nam 2200000 4500 =001 INLIS000000000047166 =005 20150827132845.0 =006 =007 =008 =035 ##$$0010-081500000000080 =082 ##$$a 372.707 6 =090 ##$$a 372.7 hel m =100 ##$$a dra.med.heliyantini soetopo.s.psi =245 ##$$a math forkids bilingual =260 ##$$a jakarta $b erlangga $c 2007 =300 ##$$a hln.48 =850 ##$$a NPBMAT =990 ##$$a 0001/BPAP-NTB/2015